000 00810nam a22002537a 4500
001 AUWbook033514
003 BDCtgAUW
005 20260513180549.0
008 260513b ja ||||| |||| 00| 0 jpn d
020 _a9784872176711
040 _aBDCtgAUW
_cBDCtgAUW
050 4 _aPL539
_b.T54 2008
100 1 _aTakahashi, Muneko
_eauthor.
_991713
245 1 0 _aJapanese graded readers :
_blevel 1, vol. 3, part 14 /
_cMuneko Takahashi.
260 _aJapan :
_bAsk publishing,
_c2008.
300 _a21 pages :
_billustration ;
_c21 cm.
362 0 _alevel 1, vol. 3, part 14 .
490 0 _aNihongo yomu yomu bunko.
500 _aJapanese language
650 0 _aJapanese language
_xconversation and phrase books.
830 0 _aNihongo yomu yomu bunko.
_991714
887 _28
_aPapia Akter
942 _2lcc
_cBK
_n0
999 _c18695
_d18695
888 _28